| 000 | 00410pam a2200157 a 4500 | ||
|---|---|---|---|
| 020 |
_a9789350903582 _c |
||
| 041 | _h | ||
| 082 |
_a617.3/KIC _b11244 |
||
| 100 | _aKISNER C., COLBY L.A.,. | ||
| 245 |
_aTHERAPEUTIC EXERCISE OUNDATIONS AND TECHNIQUES _hTextual Documents |
||
| 250 | _a6. | ||
| 260 |
_bJAYPEE BROTHERS MEDICAL PUB. _c2012 |
||
| 300 |
_a1023;: _bXXXII; _cPB. |
||
| 930 | _a6066 | ||
| 999 |
_c800593 _d800593 |
||
| 650 | _aORTHO | ||